[Event "Negambo op 4th"]
[Site "Negambo"]
[Date "2018.08.20"]
[Round "10"]
[White "Ahmed, Fuad"]
[Black "Amarasinghe, AACB"]
[Result "0-1"]
[WhiteElo "1722"]
[BlackElo "1912"]
[PlyCount "48"]
[EventDate "2018.08.16"]
[EventType "swiss"]
[EventRounds "10"]
[EventCountry "SRI"]
[SourceTitle "CBM 186 Extra"]
[Source "ChessBase"]
[SourceDate "2018.08.24"]
[SourceVersion "1"]
[SourceVersionDate "2018.08.24"]
[SourceQuality "1"]

1. d4 d5 2. c4 c6 3. Nc3 Nf6 4. Nf3 e6 5. Bg5 dxc4 6. e4 b5 7. e5 h6 8. Bh4 g5 9. Nxg5 hxg5 10. Bxg5 Nbd7 11. exf6 Bb7 12. a4 Bb4 13. axb5 cxb5 14. Bd2 a6 15. b3 Qxf6 16. bxc4 Qxd4 17. Qb3 Qe5+ 18. Kd1 a5 19. Rb1 Nc5 20. Qc2 Rd8 21. Rxb4 axb4 22. Nxb5 Ne4 23. Qa4 Rxd2+ 24. Kc1 Qb2# 0-1

[Event "Asia zt 3.2"]
[Site "Colombo"]
[Date "2013.02.07"]
[Round "7"]
[White "Doluweera, Minul Sanjula"]
[Black "Ahmed, Fuad"]
[Result "0-1"]
[WhiteElo "1774"]
[BlackElo "1855"]
[PlyCount "80"]
[EventDate "2013.02.03"]
[EventType "swiss"]
[EventRounds "9"]
[EventCountry "SRI"]
[SourceTitle "CBM 153 Extra"]
[Source "ChessBase"]
[SourceDate "2013.04.22"]
[SourceVersion "1"]
[SourceVersionDate "2013.04.22"]
[SourceQuality "1"]

1. c4 Nf6 2. d4 g6 3. Nc3 d5 4. cxd5 Nxd5 5. e4 Nxc3 6. bxc3 Bg7 7. Be3 0-0 8. Bc4 c5 9. Ne2 cxd4 10. cxd4 Nc6 11. 0-0 Qa5 12. Qb3 Qb4 13. Qc2 e6 14. Rab1 Qd6 15. Qd2 a6 16. Bb3 b5 17. Rbc1 Bb7 18. d5 exd5 19. Bc5 Qe5 20. Bxf8 Rxf8 21. Bxd5 Nd8 22. Rfd1 Qh5 23. Ng3 Qh4 24. Qa5 Bxd5 25. Rxd5 Ne6 26. Qxa6 Qf4 27. Qc6 h5 28. Rdd1 Nd4 29. Qc3 h4 30. Qe3 hxg3 31. Qxf4 Ne2+ 32. Kf1 Nxf4 33. hxg3 Ne6 34. Rd5 b4 35. Ke2 Ra8 36. Rd2 Bc3 37. Rd3 Rxa2+ 38. Kf1 Nc5 39. Re3 Bd4 40. Re2 b3 0-1

[Event "Asia zt 3.2"]
[Site "Colombo"]
[Date "2013.02.06"]
[Round "6"]
[White "Wimalasuriya, Kasun M"]
[Black "Ahmed, Fuad"]
[Result "1-0"]
[WhiteElo "1863"]
[BlackElo "1855"]
[PlyCount "78"]
[EventDate "2013.02.03"]
[EventType "swiss"]
[EventRounds "9"]
[EventCountry "SRI"]
[SourceTitle "CBM 153 Extra"]
[Source "ChessBase"]
[SourceDate "2013.04.22"]
[SourceVersion "1"]
[SourceVersionDate "2013.04.22"]
[SourceQuality "1"]

1. Nf3 f5 2. d4 Nf6 3. g3 d5 4. Bg2 e6 5. 0-0 Bd6 6. Ne5 0-0 7. Bf4 c5 8. dxc5 Bxc5 9. Nd2 Nh5 10. e3 Nxf4 11. gxf4 Nd7 12. Nd3 Bd6 13. c3 Nf6 14. c4 Ne4 15. cxd5 exd5 16. Nf3 Be6 17. Qb3 Qe7 18. Nd4 Nd2 19. Qb5 a6 20. Qa5 Ne4 21. Rad1 Bc7 22. Qa4 Bd7 23. Qb3 Bc6 24. Nb4 Kh8 25. Nbxc6 bxc6 26. Nxc6 Qh4 27. Qxd5 Nf6 28. Qf3 Ng4 29. Qg3 Qf6 30. h3 Nh6 31. Ne5 Rad8 32. Nd7 Qxb2 33. Nxf8 Rxf8 34. Rd7 Bd8 35. Rb7 Qc3 36. e4 Qd4 37. Qe3 Qf6 38. e5 Qh4 39. Qg3 Rg8 1-0

[Event "Asia zt 3.2"]
[Site "Colombo"]
[Date "2013.02.05"]
[Round "5"]
[White "Ahmed, Fuad"]
[Black "Liyanage, NP."]
[Result "0-1"]
[WhiteElo "1855"]
[BlackElo "1922"]
[PlyCount "118"]
[EventDate "2013.02.03"]
[EventType "swiss"]
[EventRounds "9"]
[EventCountry "SRI"]
[SourceTitle "CBM 153 Extra"]
[Source "ChessBase"]
[SourceDate "2013.04.22"]
[SourceVersion "1"]
[SourceVersionDate "2013.04.22"]
[SourceQuality "1"]

1. d4 Nf6 2. Nf3 c5 3. d5 b5 4. c4 e6 5. dxe6 fxe6 6. cxb5 d5 7. e3 Bd6 8. Be2 0-0 9. b3 Nbd7 10. Bb2 Qe7 11. Nbd2 Bb7 12. Qc2 e5 13. e4 Nxe4 14. Nxe4 dxe4 15. Bc4+ Kh8 16. Nd2 e3 17. fxe3 Bxg2 18. 0-0-0 Bxh1 19. Rxh1 Rf2 20. Qe4 Rff8 21. Bd3 Nf6 22. Qh4 e4 23. Nxe4 Nxe4 24. Qxe7 Bxe7 25. Bxe4 Rad8 26. Rg1 Bf6 27. Bxf6 Rxf6 28. Bb1 Rf2 29. a4 Rxh2 30. a5 Rb8 31. Rf1 g5 32. Bd3 Kg7 33. Rf5 h6 34. Rxc5 Rf2 35. Bc4 Rb7 36. Bd5 Rd7 37. b6 axb6 38. axb6 Rf8 39. Be6 Rd6 40. Rc7+ Kf6 41. Bc4 Rxb6 42. Rh7 Ke5 43. Re7+ Kf5 44. e4+ Kf4 45. e5 g4 46. e6 Rf5 47. Rh7 h5 48. Rd7 g3 49. Rd4+ Ke5 50. e7 Kxd4 51. e8Q Rbf6 52. Qd8+ Ke3 53. Qd2+ Kf3 54. Be2+ Kg2 55. Bxh5+ Kh1 56. Qd3 Kh2 57. Bg4 Rf4 58. Qh7+ Kg1 59. Bh3 Rf2 0-1

[Event "Olympiad-40"]
[Site "Istanbul"]
[Date "2012.08.28"]
[Round "1.2"]
[White "Ahmed, Fuad"]
[Black "Prasca Sosa, Rafael Felipe"]
[Result "0-1"]
[WhiteElo "1830"]
[BlackElo "2415"]
[PlyCount "92"]
[EventDate "2012.08.28"]
[EventType "team-swiss"]
[EventRounds "11"]
[EventCountry "TUR"]
[SourceTitle "CBM 151"]
[Source "ChessBase"]
[SourceDate "2012.11.13"]
[SourceVersion "1"]
[SourceVersionDate "2012.11.13"]
[SourceQuality "1"]
[WhiteTeam "Maldives"]
[BlackTeam "Venezuela"]
[WhiteTeamCountry "MDV"]
[BlackTeamCountry "VEN"]

1. d4 d5 2. c4 c6 3. Nc3 Nf6 4. Nf3 a6 5. c5 g6 6. Bf4 Bg7 7. Qc1 h6 8. e3 g5 9. Bxb8 Rxb8 10. Bd3 Nd7 11. b4 0-0 12. 0-0 f5 13. a4 e6 14. Rb1 g4 15. Nd2 e5 16. Ne2 Ra8 17. Bc2 f4 18. exf4 exf4 19. f3 g3 20. h3 Qh4 21. Rd1 Nf6 22. Nf1 Nh7 23. Bxh7+ Kxh7 24. b5 axb5 25. axb5 Be6 26. bxc6 bxc6 27. Rb6 Rac8 28. Qc2+ Bf5 29. Qd2 Bg6 30. Ra1 Rc7 31. Raa6 Qf6 32. Ra4 Re7 33. Nc3 Re6 34. Ra7 Kh8 35. Ne2 Rfe8 36. Rxg7 Rxe2 37. Rxg6 Qxg6 38. Qxf4 Re1 39. Qd2 h5 40. Rb7 Qe6 41. Rb3 h4 42. f4 Qe2 43. Qxe2 R8xe2 44. Rf3 Kg7 45. f5 Kf6 46. Rxg3 hxg3 0-1

[Event "Asia-chT 16th"]
[Site "Guangzhou"]
[Date "2010.11.18"]
[Round "1"]
[White "Al Sayed, Mohammed"]
[Black "Ahmed, Fuad"]
[Result "1-0"]
[WhiteElo "2502"]
[BlackElo "1830"]
[PlyCount "59"]
[EventDate "2010.11.18"]
[EventType "team-swiss"]
[EventRounds "9"]
[EventCountry "CHN"]
[SourceTitle "CBM 139 Extra"]
[Source "ChessBase"]
[SourceDate "2011.01.05"]
[SourceVersion "1"]
[SourceVersionDate "2011.01.05"]
[SourceQuality "1"]
[WhiteTeam "Qatar"]
[BlackTeam "Maldives"]
[WhiteTeamCountry "QAT"]
[BlackTeamCountry "MDV"]

1. d4 d5 2. c4 c6 3. Nc3 Nf6 4. e3 Bf5 5. cxd5 Nxd5 6. Qb3 Nb6 7. Qd1 Nd5 8. Qb3 Nb6 9. e4 Bc8 10. Nf3 e6 11. Be2 Be7 12. 0-0 0-0 13. Be3 N8d7 14. Rfd1 Nf6 15. a4 Nbd7 16. a5 Re8 17. h3 Bf8 18. Qc2 Bb4 19. a6 bxa6 20. Na2 a5 21. Nxb4 axb4 22. Qxc6 Rb8 23. Rxa7 b3 24. Nd2 Qb6 25. Qxb6 Rxb6 26. Rc1 Rb7 27. Ra5 Nf8 28. f3 Bd7 29. Rc3 Reb8 30. Ra3 1-0